| 000 | 00364pab a2200145 454500 | ||
|---|---|---|---|
| 008 | 180718b2004 xxu||||| |||| 00| 0 eng d | ||
| 100 | _aGosai, M.R. | ||
| 245 | _aDiaspora: an emerging area of interdisciplinary studies | ||
| 260 | _c2004 | ||
| 300 | _ap.1-10. | ||
| 362 | _a8 Nov | ||
| 650 | _aNonresident Indians | ||
| 773 | _aUniversity News | ||
| 909 | _a63188 | ||
| 999 |
_c63188 _d63188 |
||